Μπροστά στην εφηβική ψυχή

Αποθηκεύτηκε σε:
Λεπτομέρειες βιβλιογραφικής εγγραφής
Κύριος συγγραφέας: Μοσχονάς, Σπύρος Γ., 1933-
Μορφή: Βιβλίο
Γλώσσα:Greek
Δημοσίευση: Αθήναι : [χ.ό], 1959.
Θέματα:
Ετικέτες: Προσθήκη ετικέτας
Δεν υπάρχουν, Καταχωρήστε ετικέτα πρώτοι!

MARC

LEADER 00000cam a2200000 a 4500
001 1/109017
008 151001s1959####gr | ||| |||| ||gre||
040 |a GR-MyUa  |b gre  |c GR-MyUa  |e AACR2 
041 0 |a gre 
082 7 |a 305.23   |2 (23) 
100 1 |a Μοσχονάς, Σπύρος Γ.,   |d 1933- 
245 1 0 |a Μπροστά στην εφηβική ψυχή /   |c Σπ. Γ. Μοσχονάς. 
260 |a Αθήναι :   |b [χ.ό],   |c 1959.  
300 |a 115 σ. ;   |c 23 εκ.  
500 |a Στη σ.τ. υπάρχει σφραγίδα "Δημοτικόν Σχολείον - Λιμένος Καρλοβασίων Σάμου". 
650 0 |a Youth  |z Greece. 
852 |a INST  |b SAMOS  |c PORFYRIADA  |e 20151001  |h 305.23 ΜΟΣ  |p 005300042877  |q 005300042877  |t NOLOAN  |y 23 
970 |a Σιτζίμη  |b Γιασεμή  |z 10/09/2015